000 00758nam a2200229 i 4500
001 bg
100 1 _aKIDYBA, Andrzej
_d(1957- )
245 1 0 _aKodeks spółek handlowych :
_bobjaśnienia /
_cAndrzej Kidyba.
250 _aWyd. 3, stan prawny na 1 marca 2002 r.
260 _aKraków :
_b"Zakamycze",
_c2002.
300 _a995, [1] s. ;
_c22 cm.
504 _aBibliogr. przy rozdz. - Indeks.
650 9 _aSpółki handlowe
_xprawo
_zPolska
_ystan na 2002 r.
020 _a837333081X
040 _cBPK
041 0 _apl
080 _a347.72(438)(094.4.07)
920 _a83-7333-081-X
942 _cKS
008 s pl f |000 0 pol
999 _c41015
_d41015
856 _uhttp://koha.tu.koszalin.pl/cgi-bin/koha/opac-detail.pl?biblionumber=41015
_yKatalog online BPK